Proyecto de pantano y riegos del Bullaque (Record no. 162661)

MARC details
000 -LEADER
campo de control de longitud fija 00975nam a22002175i 4500
001 - NÚMERO DE CONTROL
campo de control 162661
003 - IDENTIFICADOR DE NÚMERO DE CONTROL
campo de control ES-MaACL
005 - FECHA Y HORA DE LA ÚLTIMA TRANSACCIÓN
campo de control 20230906212556.0
008 - DATOS DE LONGITUD FIJA--INFORMACIÓN GENERAL
campo de control de longitud fija 961016s1899 sp |||| | spa d
040 ## - FUENTE DE CATALOGACIÓN
Centro catalogador/agencia de origen CLM
Lengua de catalogación spa
Centro/agencia transcriptor CLM
080 ## - NÚMERO DE LA CLASIFICACIÓN DECIMAL UNIVERSAL
Número de la Clasificación Decimal Universal 628.1.034.3(460.287)"19"
100 1# - ENTRADA PRINCIPAL--NOMBRE DE PERSONA
Nombre de persona Xaudaró, Celso.
9 (RLIN) 150454
245 10 - MENCIÓN DEL TÍTULO
Título Proyecto de pantano y riegos del Bullaque
Resto del título : Ciudad Real : Memoria /
Mención de responsabilidad, etc. [por Celso Xaudaró].
260 ## - PUBLICACIÓN, DISTRIBUCIÓN, ETC.
Lugar de publicación, distribución, etc. Barcelona :
Nombre del editor, distribuidor, etc. [s.n.],
Fecha de publicación, distribución, etc. 1899 (
Fabricante Tipolitografia de Luis Tasso)
300 ## - DESCRIPCIÓN FÍSICA
Extensión 70 p.,[1]h. de map. pleg. ;
Dimensiones 36 cm.
594 ## - Nota al título y mención de responsabilidad
Nota al título y mención de responsabilidad El autor en anotación manuscrita y al final del texto.
595 ## -
-- Según consta en port. son 3 v. : 1º. Memoria -- 2º. Presupuesto -- 3º Planos. Este sería el primero.
597 ## - NOTA DE DESCRIPCIÓN FÍSICA
NOTA DE DESCRIPCIÓN FÍSICA Anteport.
650 #4 - PUNTO DE ACCESO ADICIONAL DE MATERIA--TÉRMINO DE MATERIA
Término de materia o nombre geográfico como elemento de entrada Agua-
Subdivisión general Abastecimiento agrícola-
Subdivisión geográfica España.
9 (RLIN) 149414
852 ## - LOCALIZACIÓN
Ubicación ES-MaACL
Número de control de estantería T-992-F-8
Nota libre -- Enc. hol., conservando la cub. original
-- -- Sello de José Rubaudonadeu Corcelles
-- -- Enc. en un vol. facticio
Holdings
Estatus retirado Estado de pérdida Estado de daño No para préstamo Colección Biblioteca de origen Biblioteca actual Ubicación en estantería Fecha de adquisición Total de préstamos Signatura topográfica completa Código de barras Visto por última vez Precio de reemplazo Tipo de ítem Koha
        Colección de folletos Biblioteca del Ateneo de Madrid Biblioteca del Ateneo de Madrid Depósito folletos 17/01/2008   T-992-F-8 1170415 23/02/2023 23/02/2023 Folleto